Behind a thousand names : (Record no. 41865)

MARC details
000 -LEADER
fixed length control field 01841nam a22003017a 4500
005 - DATE AND TIME OF LATEST TRANSACTION
control field 20100814122117.0
010 ## - LCCN (DPL NO)
LC control number ENG-100253 B-426368-372
020 ## - INTERNATIONAL STANDARD BOOK NUMBER
International Standard Book Number 9788176211888
Terms of availability 295.00
035 ## - SYSTEM CONTROL NUMBER
System control number EN-83785 B-426368-372
037 ## - SOURCE OF ACQUISITION
Source of stock number/acquisition DBAD/PUB
037 ## - SOURCE OF ACQUISITION
Source of stock number/acquisition RBC/Ven
082 ## - DEWEY DECIMAL CLASSIFICATION NUMBER
Classification number 230.42
100 ## - MAIN ENTRY--PERSONAL NAME
Personal name Osho
245 ## - TITLE STATEMENT
Title Behind a thousand names :
Remainder of title talks on the nirvan upanishad /
Statement of responsibility, etc by Osho
260 ## - PUBLICATION, DISTRIBUTION, ETC. (IMPRINT)
Place of publication, distribution, etc New Delhi
Name of publisher, distributor, etc Full Circle Publishing
Date of publication, distribution, etc 2010
270 ## - ADDRESS
Address J-40, Jorbagh Lane
City New Delhi
Postal code 110003
300 ## - PHYSICAL DESCRIPTION
Extent 417p.
Dimensions 20cm (pbk)
650 ## - SUBJECT ADDED ENTRY--TOPICAL TERM
Topical term or geographic name as entry element Meditation - Hinduism
650 ## - SUBJECT ADDED ENTRY--TOPICAL TERM
Topical term or geographic name as entry element Prayers
942 ## - ADDED ENTRY ELEMENTS (KOHA)
Source of classification or shelving scheme Dewey Decimal Classification
Item type English Books
Classification part 230.42
Call number suffix OSH
Holdings
Withdrawn status Lost status Not for loan Collection code Home library Current library Date acquired Source of acquisition Cost, normal purchase price Full call number Barcode Copy number Cost, replacement price Koha item type Public note
Written off     Non-fiction Central Library Central Library 13/07/2011 RBC/22387/14.3.11/76/4.3.11/28.3.11 295.00 230.42 OSH B-426368 1 295.00 English Books W/d list no. 6814/12
    Not For Loan Non-fiction D.B.Act.Division D.B.Act.Division 14/08/2010 DBAD/PUB 295.00 230.42 OSH EN-83785 1 295.00 English Books  
Written off     Non-fiction Narela Narela 13/07/2011 RBC/22387/14.3.11/76/4.3.11/28.3.11 295.00 230.42 OSH B-426371 1 295.00 English Books Written off on approval by DLB (By Circulation); dtd 20.12.2022
Withdrawn     Non-fiction Patel Nagar Patel Nagar 13/07/2011 RBC/22387/14.3.11/76/4.3.11/28.3.11 295.00 230.42 OSH B-426369 1 295.00 English Books  
      Non-fiction Sarojini Nagar Sarojini Nagar 13/07/2011 RBC/22387/14.3.11/76/4.3.11/28.3.11 295.00 230.42 OSH B-426370 1 295.00 English Books  
  Written-off vide DLB M. No. 383 dt 16.05.19   Non-fiction Shahdara Branch Shahdara Branch 13/07/2011 RBC/22387/14.3.11/76/4.3.11/28.3.11 295.00 230.42 OSH B-426372 1 295.00 English Books  

© Delhi Public Library
Hit Counter
free hit counter